Movies Quiz

Random Movies or Clickable Quiz

Robert Downey Jr. Needs A Job Quiz Stats

Quiz Updated Nov 27, 2014

Challenge
Share
Tweet
Embed
Score 0/23 Timer 08:00
8 Plays Today
% Correct
Defense Contractor (Superhero)
83%
Detective
73.3%
Actor
64.7%
Actor
64%
Pilot
50.4%
Special Agent
44%
High School Student
31%
Reporter for CBS
28.2%
Reporter
27.5%
Doctor
27.2%
Doctor
23.8%
Drug Dealer
23.2%
% Correct
Principal
23.2%
Thief (Actor)
23.2%
Geneticist
18.9%
Tabloid Journalist
17.5%
Film Studio Executive
17.3%
Book Editor
17.1%
Investigator
12.8%
Legal Clerk
11%
Novelist
10.6%
Filmmaker
10.4%
Newspaper Drama Critic
9.9%

You're not logged in!

Compare scores with friends on all Sporcle quizzes.
Join for Free
OR
Log In

You Might Also Like...

Show Comments

Extras

Top Quizzes Today


Score Distribution

Your Account Isn't Verified!

In order to create a playlist on Sporcle, you need to verify the email address you used during registration. Go to your Sporcle Settings to finish the process.

Report this User

Report this user for behavior that violates our Community Guidelines.

Details: